|
|
|
|
| LEADER |
00000nam a2200000Ii 4500 |
| 001 |
DIGEDIUOC929 |
| 003 |
NyNyDIG |
| 008 |
200210s2017 sp ob 000 0 spa d |
| 006 |
m o d |
| 007 |
cr ||||||||||| |
| 035 |
|
|
|a (OCoLC)1001371633
|
| 040 |
|
|
|a DGITA
|b eng
|e rda
|e pn
|c DGITA
|
| 020 |
|
|
|a 9788491166702
|q (eBook ;
|q pdf)
|
| 020 |
|
|
|a 849116670X
|q (eBook ;
|q pdf)
|
| 020 |
|
|
|a 9788491166719
|q (eBook ;
|q ePub)
|
| 020 |
|
|
|a 8491166718
|q (eBook ;
|q ePub)
|
| 020 |
|
|
|z 9788491166696
|
| 020 |
|
|
|z 8491166696
|
| 050 |
1 |
4 |
|a HF5415.1265 ebook
|
| 100 |
1 |
|
|a Segovia Alonso, Adrián,
|e author.
|
| 245 |
1 |
3 |
|a La medición en plataformas sociales /
|c Adrián Segovia ; prólogo de Sílvia Martínez Martínez.
|
| 250 |
|
|
|a Primera edición en formato digital.
|
| 264 |
|
1 |
|a Barcelona :
|b Editorial UOC,
|c 2017.
|
| 300 |
|
|
|a 1 online resource.
|
| 336 |
|
|
|a text
|b txt
|2 rdacontent
|
| 337 |
|
|
|a computer
|b c
|2 rdamedia
|
| 338 |
|
|
|a online resource
|b cr
|2 rdacarrier
|
| 347 |
|
|
|a text file
|2 rdaft
|
| 347 |
|
|
|b PDF
|
| 347 |
|
|
|b EPUB
|
| 490 |
1 |
|
|a El profesional de la información ;
|v 37
|
| 504 |
|
|
|a Includes bibliographical references.
|
| 588 |
0 |
|
|a Online resource; title from PDF title page (Digitalia, viewed February 10, 2020)
|
| 650 |
|
0 |
|a Internet marketing.
|
| 650 |
|
0 |
|a Online social networks.
|
| 650 |
|
0 |
|a Social media.
|
| 655 |
|
0 |
|a Electronic books.
|
| 700 |
1 |
|
|a Martínez Martínez, Silvia,
|e contributor agent of text.
|
| 791 |
2 |
|
|a Digitalia (Firm),
|e distributor.
|
| 793 |
0 |
|
|g Digitalia eBook Collection:
|a Universitat Oberta de Catalunya.
|
| 776 |
0 |
8 |
|i Print version:
|a Segovia Alonso, Adrián.
|t Medición en plataformas sociales.
|d Barcelona : Editorial UOC, 2017
|z 9788491166696
|w (OCoLC)982172206
|
| 830 |
|
0 |
|a Profesional de la información (2011) ;
|v 37.
|
| 856 |
4 |
0 |
|3 Digitalia Hispánica
|u https://www.digitaliapublishing.com/a/47409/
|
| 910 |
|
|
|a Premium collection: 2020
|